Moravský kras. 2. [sv.].

Bibliographic Details
Main Author: Absolon, Karel, 1877-1960 (Author)
Format: Book
Language:Czech
Published: Praha Academia 1970
Edition:1. vyd.
Subjects:

MARC

LEADER 00000nam a2200000 a 4500
001 vtls001145785
003 SK-MaSNL
005 20260301002132.0
008 250414s1970 CS 0 cze
035 |a SNK000088642 
040 |a SNK  |b slo  |c SNK  |e AACR2 
041 0 |a cze 
044 |a [CS] 
080 |a 551.44(437.2 Moravský kras)  |2 1981 
100 1 |a Absolon, Karel,  |d 1877-1960  |4 aut  |9 219073 
245 1 0 |a Moravský kras. 2. [sv.].  |c Karel Absolon 
250 |a 1. vyd. 
260 |a Praha  |b Academia  |c 1970  |e Brno  |f Tisk 2 
300 |a 345, [1] s.  |b [21] s. fot. a fareb. fot. príl.  |e [2] príl. 
500 |a Fareb. fot. na frontispice. 
600 1 7 |a Absolon, Karel,  |d 1877-1960  |2 SNK  |9 219073 
852 |a Slovenská národná knižnica 
958 |a OND 
999 |c 536639  |d 538569 
952 |t P60, <04>, [BOOK], {604}  |a SNK  |b SNK  |y VYP  |7 0  |p 17A0315915  |o snkIB 23657/2 D1  |0 0  |1 1  |4 0  |d 2001-09-11  |l 0  |r 2005-01-01 00:00:00  |w 2026-02-23